ბათუმის შოთა რუსთაველის სახელმწიფო უნივერსიტეტის ბიბლიოთეკა

Высшая математика. (ბიბ.ჩანაწერი № 38897)

000 -LEADER
fixed length control field 00714nam a2200217Ia 4500
001 - CONTROL NUMBER
control field 5312
003 - CONTROL NUMBER IDENTIFIER
control field GE_BSU
008 - FIXED-LENGTH DATA ELEMENTS--GENERAL INFORMATION
fixed length control field 181216s||||||||xx |||||||||||||| ||und||
040 ## - CATALOGING SOURCE
Transcribing agency GE_BSU
080 ## - UNIVERSAL DECIMAL CLASSIFICATION NUMBER
Universal Decimal Classification number 517(075.8)
100 ## - MAIN ENTRY--PERSONAL NAME
Personal name Баврин И.И.
245 ## - TITLE STATEMENT
Title Высшая математика.
245 ## - TITLE STATEMENT
Remainder of title учебное пособие для студ. пед. ин-тов по биологическим и химическим специальностям.
260 ## - PUBLICATION, DISTRIBUTION, ETC.
Place of publication, distribution, etc. Москва
260 ## - PUBLICATION, DISTRIBUTION, ETC.
Name of publisher, distributor, etc. Просвещение
260 ## - PUBLICATION, DISTRIBUTION, ETC.
Date of publication, distribution, etc. 1980
300 ## - PHYSICAL DESCRIPTION
Extent 380 с. 22 см.
653 ## - INDEX TERM--UNCONTROLLED
Uncontrolled term Высшая математика.
653 ## - INDEX TERM--UNCONTROLLED
Uncontrolled term უმაღლესი მათემატიკა
942 ## - ADDED ENTRY ELEMENTS (KOHA)
Koha item type წიგნი
ეგზემპლარები
Withdrawn status Lost status Damaged status Not for loan Date acquired Barcode Date last seen Price effective from Koha item type Public note
        2018-12-17 16497 2018-12-17 2018-12-17 წიგნი დარბაზი